| 000 | 00527nam a2200181Ia 4500 | ||
|---|---|---|---|
| 008 | 151018s9999 xx 000 0 und d | ||
| 082 |
_bRBASDV36784 _a891.462 |
||
| 100 | _aग के दातार | ||
| 245 | _aदेशद्रोही | ||
| 250 | _b4 | ||
| 260 |
_bनिंबकर आणि मं _c1984 |
||
| 300 | _a104 | ||
| 600 | _aग के दातार | ||
| 630 | _aदेशद्रोही | ||
| 700 | _aग के दातार | ||
| 730 | _aदेशद्रोही | ||
| 942 | _cBOOK | ||
| 999 |
_c1036231 _d1036228 |
||